Asset allocation by maximizing the Sortino ratio utilizing differential evolution solution procedure

Saved in:
Bibliographic Details
Main Author: Pekár, Juraj, 1972-
Other Authors: Čičková, Zuzana, 1978-, Brezina, Ivan, 1963-
Format: Book Chapter
Language:English
Tags: Add Tag
No Tags, Be the first to tag this record!

MARC

LEADER 00000nla a2200000 4500
001 0176535
005 20240502083418.2
041 0 |a eng 
044 |a CZ 
245 1 0 |a Asset allocation by maximizing the Sortino ratio utilizing differential evolution solution procedure  |c Juraj Pekár, Zuzana Čičková, Ivan Brezina 
100 1 |a Pekár, Juraj, 1972- 
700 1 |a Čičková, Zuzana, 1978- 
700 1 |a Brezina, Ivan, 1963-